| 000 | 01038nad a22002295a 4500 | ||
|---|---|---|---|
| 005 | 20260518154357.0 | ||
| 008 | 260518s2026 xxk fo 000 0 eng d | ||
| 041 | 0 | _aeng | |
| 110 | 2 |
_aRoyal Institution of Chartered Surveyors _94900 |
|
| 245 | 0 | 0 |
_aAnnual Review 2025 _bYear ended 31 December 2025 |
| 246 | _aAnnual Report 2025 | ||
| 260 |
_aLondon _bRICS _c2026 |
||
| 300 | _a106p. | ||
| 490 | 0 | _aRICS Annual Report | |
| 520 | _aThe Annual review covers the 12-month period from 1 January to 31 December 2025. Membership figures and data, new qualifications and guidance materials, milestones and influence. | ||
| 650 | 2 | 4 | _aRICS ANNUAL REVIEW AND FINANCIAL STATEMENTS |
| 651 | 4 | _aInternational | |
| 690 | _aBusiness and management | ||
| 856 |
_uhttps://www.rics.org/content/dam/ricsglobal/documents/reports/RICS_Annual_review_2025.pdf _zAnnual review 2025 |
||
| 856 |
_uhttps://www.rics.org/content/dam/ricsglobal/documents/reports/Standards_and_Regulation_Board_report_2025.pdf _zSRB Annual report 2025 |
||
| 942 |
_n0 _2ddc |
||
| 999 |
_c122351 _d122351 |
||